| 000 | 00380nam a22001217a 4500 | ||
|---|---|---|---|
| 999 |
_c1439 _d1439 |
||
| 005 | 20200831141940.0 | ||
| 008 | 200831b ||||| |||| 00| 0 eng d | ||
| 020 | _a0285629166 | ||
| 040 | _cCML | ||
| 245 |
_aThe Trachtenberg Speed System of Basic Mathematics. _cCutler, A & McShane R. |
||
| 260 |
_aGuernsey _bSouvenir Press Ltd _c1960 |
||
| 942 |
_2ddc _cBK _h510 _mTRA |
||